| 000 | 00452nam a2200157 i 4500 | ||
|---|---|---|---|
| 001 | 37933 | ||
| 003 | ES-MaACL | ||
| 005 | 20230906155652.0 | ||
| 007 | t| | ||
| 008 | 030224s1967 sp ||||1| spa d | ||
| 100 | 1 |
_aBurgos González, Jesús. _932662 |
|
| 245 | 1 | 3 |
_aEl cáncer y su curación / _cJesús Burgos González. |
| 260 |
_aMálaga : _b[s.n., _c1967] ( _fImp. San Andrés) |
||
| 300 |
_a70 p. ; _c24 cm. |
||
| 852 |
_aES-MaACL _jC-33506 _bR.63621 |
||
| 999 |
_c37933 _d37933 |
||